[Event "Oberliga Ost-A 1819"]
[Site "Germany"]
[Date "2018.11.11"]
[Round "3.3"]
[White "Zimmermann, Rene"]
[Black "Jaeger, Dominik"]
[Result "1/2-1/2"]
[WhiteElo "2203"]
[BlackElo "2268"]
[PlyCount "39"]
[EventDate "2018.10.21"]
[EventType "team-tourn"]
[EventRounds "11"]
[EventCountry "GER"]
[SourceTitle "EXT 2020"]
[Source "ChessBase"]
[SourceDate "2019.10.17"]
[SourceVersion "1"]
[SourceVersionDate "2019.10.17"]
[SourceQuality "1"]
[WhiteTeam "Dresden Gruen Weiss"]
[BlackTeam "Magdeburg Rochade"]
[WhiteTeamCountry "GER"]
[BlackTeamCountry "GER"]

1. f4 d5 2. Nf3 Nf6 3. e3 g6 4. d4 Bg7 5. Bd3 0-0 6. 0-0 c5 7. c3 b6 8. Bd2 Ne4 9. Be1 Ba6 10. Bxa6 Nxa6 11. Nbd2 Nd6 12. Qe2 Qc8 13. Bh4 Re8 14. Rad1 Nb8 15. Rfe1 Nf5 16. Bf2 cxd4 17. exd4 Nd7 18. g4 Nd6 19. Ne5 Nf6 20. Qf3 1/2-1/2

[Event "Oberliga Ost-A 1617"]
[Site "Germany"]
[Date "2017.02.18"]
[Round "6.4"]
[White "Jaeger, Dominik"]
[Black "Proehl, Holger"]
[Result "1/2-1/2"]
[WhiteElo "2280"]
[BlackElo "2360"]
[PlyCount "104"]
[EventDate "2016.10.16"]
[EventType "team-tourn"]
[EventRounds "11"]
[EventCountry "GER"]
[SourceTitle "EXT 2018"]
[Source "ChessBase"]
[SourceDate "2017.10.13"]
[SourceVersion "1"]
[SourceVersionDate "2017.10.13"]
[SourceQuality "1"]
[WhiteTeam "Magdeburg Rochade"]
[BlackTeam "Loeberitz"]
[WhiteTeamCountry "GER"]
[BlackTeamCountry "GER"]

1. d4 d5 2. c4 e6 3. Nc3 Nf6 4. Bg5 Be7 5. cxd5 exd5 6. Qc2 Nbd7 7. e3 Nf8 8. Bd3 Ne6 9. Bh4 g6 10. Nge2 0-0 11. 0-0 b6 12. Bxf6 Bxf6 13. Nxd5 Bg7 14. Be4 Bb7 15. Ndf4 Nxf4 16. Nxf4 Bxe4 17. Qxe4 c5 18. dxc5 bxc5 19. Nd3 Rb8 20. Rab1 Qa5 21. Qc4 Rfd8 22. Rfd1 h5 23. h3 Qb5 24. Qxb5 Rxb5 25. a4 Ra5 26. b3 c4 27. bxc4 Rxa4 28. Rbc1 Ra3 29. Nf4 Rxd1+ 30. Rxd1 Rc3 31. Rd8+ Bf8 32. Ra8 Rxc4 33. Rxa7 Rc1+ 34. Kh2 h4 35. Rd7 Rc2 36. Nd3 Rd2 37. g3 Bh6 38. e4 Be3 39. gxh4 Bxf2 40. Kg2 Bxh4+ 41. Kf3 Kf8 42. Ne5 Rf2+ 43. Kg4 Be7 44. Kg3 Rf1 45. Nf3 Ra1 46. h4 Ra3 47. Kf4 Ra4 48. h5 gxh5 49. Rd5 h4 50. Rh5 Bd6+ 51. Kf5 Bg3 52. Nxh4 Ra5+ 1/2-1/2

[Event "Oberliga Ost-A 1516"]
[Site "Germany"]
[Date "2016.03.13"]
[Round "9.3"]
[White "Jaeger, Dominik"]
[Black "Hutsch, Oliver"]
[Result "1-0"]
[WhiteElo "2210"]
[BlackElo "2172"]
[PlyCount "67"]
[EventDate "2015.09.20"]
[EventType "team-tourn"]
[EventRounds "11"]
[EventCountry "GER"]
[SourceTitle "EXT 2017"]
[Source "ChessBase"]
[SourceDate "2016.10.25"]
[SourceVersion "1"]
[SourceVersionDate "2016.10.25"]
[SourceQuality "1"]
[WhiteTeam "Magdeburg Rochade"]
[BlackTeam "Dresden Gruen Weiss"]
[WhiteTeamCountry "GER"]
[BlackTeamCountry "GER"]

1. d4 Nf6 2. c4 e6 3. Nf3 d5 4. g3 c6 5. Bg2 Be7 6. 0-0 0-0 7. Nbd2 Nbd7 8. Qc2 Re8 9. e4 dxe4 10. Nxe4 Nxe4 11. Qxe4 Bf6 12. Ne5 Qa5 13. Bf4 Nf8 14. Qe2 Bd7 15. b4 Qb6 16. Rfd1 a6 17. c5 Qa7 18. Qh5 g6 19. Qf3 Bg7 20. Nxf7 a5 21. Nd6 axb4 22. Bg5 b3 23. Qf7+ Kh8 24. Bf6 Bxf6 25. Qxf6+ Kg8 26. Qf7+ Kh8 27. Qf6+ Kg8 28. Nf7 h5 29. Be4 b2 30. Bxg6 Nxg6 31. Qxg6+ Kf8 32. Ne5 Re7 33. Qf6+ Kg8 34. Qxe7 1-0

[Event "Oberliga Ost-A 1516"]
[Site "Germany"]
[Date "2015.10.10"]
[Round "2.3"]
[White "Espig, Lutz"]
[Black "Jaeger, Dominik"]
[Result "1/2-1/2"]
[WhiteElo "2281"]
[BlackElo "2210"]
[PlyCount "131"]
[EventDate "2015.09.20"]
[EventType "team-tourn"]
[EventRounds "11"]
[EventCountry "GER"]
[SourceTitle "EXT 2017"]
[Source "ChessBase"]
[SourceDate "2016.10.25"]
[SourceVersion "1"]
[SourceVersionDate "2016.10.25"]
[SourceQuality "1"]
[WhiteTeam "Plauen Koenig"]
[BlackTeam "Magdeburg Rochade"]
[WhiteTeamCountry "GER"]
[BlackTeamCountry "GER"]

1. d4 Nf6 2. g3 d5 3. Bg2 e6 4. Nf3 Be7 5. 0-0 0-0 6. c4 dxc4 7. Qc2 a6 8. Qxc4 b5 9. Qc2 Bb7 10. Bd2 Nc6 11. e3 Nb4 12. Bxb4 Bxb4 13. a3 Be7 14. Nbd2 Rc8 15. b4 a5 16. Ne5 Bxg2 17. Kxg2 c6 18. Qb2 axb4 19. axb4 Nd5 20. Nd3 e5 21. e4 Nb6 22. Nxe5 Na4 23. Qc2 Qxd4 24. Ndf3 Qxb4 25. Nxc6 Qc5 26. Qxc5 Bxc5 27. Ncd4 Nc3 28. Rfe1 Ra8 29. Nb3 Bb6 30. Nfd2 Ra4 31. Nb1 Nxb1 32. Raxb1 f5 33. exf5 Ra2 34. Re6 Rxf2+ 35. Kh3 Rf6 36. Rxf6 gxf6 37. Rd1 Rxf5 38. Rd6 Be3 39. Nd4 Bxd4 40. Rxd4 Kg7 41. Rd7+ Kg6 42. Rb7 Rc5 43. Kg4 Rc4+ 44. Kf3 Rc5 45. Kf4 Re5 46. h4 Rf5+ 47. Ke4 h5 48. Ra7 Rc5 49. Rb7 Re5+ 50. Kf4 Rd5 51. Ke4 Rc5 52. Kf4 Rc4+ 53. Kf3 b4 54. Rb5 Rd4 55. Kg2 Re4 56. Kf3 f5 57. Rb6+ Kf7 58. Rh6 Kg7 59. Rb6 Kf7 60. Rh6 Re6 61. Rxh5 Kg6 62. Rg5+ Kf6 63. g4 fxg4+ 64. Rxg4 Rb6 65. Ke4 b3 66. Rg1 1/2-1/2

[Event "Oberliga Ost-A 1415"]
[Site "Germany"]
[Date "2015.04.11"]
[Round "10.3"]
[White "Kesik, Klaus Dieter"]
[Black "Jaeger, Dominik"]
[Result "0-1"]
[WhiteElo "2276"]
[BlackElo "2171"]
[PlyCount "116"]
[EventDate "2014.09.21"]
[EventType "team-tourn"]
[EventRounds "11"]
[EventCountry "GER"]
[SourceTitle "EXT 2016"]
[Source "ChessBase"]
[SourceDate "2015.10.08"]
[SourceVersion "1"]
[SourceVersionDate "2015.10.08"]
[SourceQuality "1"]
[WhiteTeam "Hoyerswerda"]
[BlackTeam "Magdeburg Rochade"]
[WhiteTeamCountry "GER"]
[BlackTeamCountry "GER"]

1. Nf3 d5 2. c4 c6 3. b3 Nf6 4. Bb2 e6 5. g3 Be7 6. Bg2 0-0 7. 0-0 b5 8. e3 Nbd7 9. Qc2 Qb6 10. d3 Bb7 11. Nbd2 c5 12. e4 bxc4 13. bxc4 d4 14. Rab1 Qc7 15. Bc1 Bc6 16. h3 a5 17. Re1 e5 18. Nh4 g6 19. Ndf3 Rfb8 20. Bg5 Rb4 21. a3 Rxb1 22. Rxb1 Rb8 23. Bf1 Rb6 24. Ng2 Kg7 25. Bd2 Rxb1 26. Qxb1 Bd8 27. Nfh4 Ba4 28. f4 Nh5 29. Qe1 exf4 30. gxf4 Qb6 31. Be2 Nhf6 32. e5 Ng8 33. Bg4 Nh6 34. f5 Nxg4 35. hxg4 Bc2 36. e6 fxe6 37. fxe6 Bxh4 38. Nxh4 Nf6 39. g5 Ne8 40. Nf3 Bxd3 41. Bxa5 Qb3 42. Nd2 Qa4 43. Bd8 Bxc4 44. Be7 Ba6 45. Bxc5 Kg8 46. Ne4 d3 47. Qf1 h5 48. gxh6 Qxe4 49. Qf7+ Kh8 50. Qxe8+ Kh7 51. Qf7+ Kxh6 52. Bf8+ Kh5 53. Qf2 Bb7 54. Qh2+ Kg4 55. Bb4 Qxe6 56. Bd2 Qe4 57. Bb4 Qf3 58. Bd2 Qd1+ 0-1

[Event "Oberliga Ost-A 1415"]
[Site "Germany"]
[Date "2015.02.22"]
[Round "8.2"]
[White "Schenk, Alexander"]
[Black "Jaeger, Dominik"]
[Result "0-1"]
[WhiteElo "2152"]
[BlackElo "2171"]
[PlyCount "82"]
[EventDate "2014.09.21"]
[EventType "team-tourn"]
[EventRounds "11"]
[EventCountry "GER"]
[SourceTitle "EXT 2016"]
[Source "ChessBase"]
[SourceDate "2015.10.08"]
[SourceVersion "1"]
[SourceVersionDate "2015.10.08"]
[SourceQuality "1"]
[WhiteTeam "Chemnitz USG"]
[BlackTeam "Magdeburg Rochade"]
[WhiteTeamCountry "GER"]
[BlackTeamCountry "GER"]

1. d4 Nf6 2. c4 g6 3. Nc3 Bg7 4. e4 d6 5. Nf3 0-0 6. Be2 e5 7. 0-0 Nbd7 8. d5 Nc5 9. Qc2 a5 10. Bg5 h6 11. Be3 b6 12. Nd2 Bd7 13. b3 Nh7 14. a3 f5 15. f3 f4 16. Bf2 Rf7 17. b4 Nb7 18. c5 bxc5 19. bxc5 Nxc5 20. Bxc5 dxc5 21. Na4 Bf8 22. Nxc5 Bd6 23. Rfb1 Nf6 24. Nxd7 Qxd7 25. Qc6 Rff8 26. Rb5 Rab8 27. a4 Qe7 28. Rab1 Rb6 29. Qc2 Rfb8 30. Nb3 Nh5 31. Rc1 Qh4 32. Nxa5 Ng3 33. Bd3 Rxb5 34. Bxb5 Rf8 35. Nb7 Ba3 36. Ra1 Bb4 37. Qxc7 Bd2 38. Ra3 Nxe4 39. Qb6 Qe1+ 40. Bf1 Be3+ 41. Rxe3 Qf2+ 0-1

[Event "Oberliga Ost-A 1314"]
[Site "Germany"]
[Date "2013.10.13"]
[Round "1.5"]
[White "Jaeger, Dominik"]
[Black "Paul, Johannes"]
[Result "1/2-1/2"]
[WhiteElo "2172"]
[BlackElo "2238"]
[PlyCount "75"]
[EventDate "2013.10.13"]
[EventType "team-tourn"]
[EventRounds "11"]
[EventCountry "GER"]
[SourceTitle "EXT 2015"]
[Source "ChessBase"]
[SourceDate "2014.11.20"]
[SourceVersion "1"]
[SourceVersionDate "2014.11.20"]
[SourceQuality "1"]
[WhiteTeam "Magdeburg Rochade"]
[BlackTeam "Magdeburg Aufbau Elbe"]
[WhiteTeamCountry "GER"]
[BlackTeamCountry "GER"]

1. d4 Nf6 2. c4 g6 3. Nc3 Bg7 4. e4 d6 5. Nf3 0-0 6. h3 e5 7. d5 Na6 8. Bg5 Qe8 9. Bd3 Nh5 10. g3 h6 11. Bd2 f5 12. Nh4 Qf7 13. Qf3 f4 14. g4 Nf6 15. Rg1 Nh7 16. Qh1 Ng5 17. Nf3 Nxf3+ 18. Qxf3 Bf6 19. 0-0-0 c5 20. Qe2 Bh4 21. f3 Nc7 22. Kb1 Bd7 23. Ka1 Rfb8 24. Rb1 Bd8 25. Be1 Qe8 26. Bf2 b5 27. cxb5 Nxb5 28. Nxb5 Bxb5 29. Rgc1 Ba5 30. Be1 Bxe1 31. Bxb5 Rxb5 32. Qxe1 a5 33. Rc3 Rb4 34. a3 Qb5 35. Qh4 Rb8 36. Qxh6 Rxb2 37. Qxg6+ Kh8 38. Qh6+ 1/2-1/2

[Event "Oberliga Ost-A 1213"]
[Site "Germany"]
[Date "2012.12.09"]
[Round "4.3"]
[White "Jaeger, Dominik"]
[Black "Rudolf, Sebastian"]
[Result "0-1"]
[WhiteElo "2164"]
[BlackElo "2236"]
[PlyCount "132"]
[EventDate "2012.10.14"]
[EventType "team-tourn"]
[EventRounds "11"]
[EventCountry "GER"]
[SourceTitle "EXT 2014"]
[Source "ChessBase"]
[SourceDate "2013.11.20"]
[SourceVersion "1"]
[SourceVersionDate "2013.11.20"]
[SourceQuality "1"]
[WhiteTeam "Magdeburg Rochade"]
[BlackTeam "Dresden Gruen Weiss"]
[WhiteTeamCountry "GER"]
[BlackTeamCountry "GER"]

1. d4 Nf6 2. c4 c5 3. d5 e6 4. Nc3 exd5 5. cxd5 d6 6. Nf3 g6 7. Nd2 Nbd7 8. e4 Bg7 9. Be2 0-0 10. 0-0 Re8 11. f3 a6 12. a4 Nh5 13. f4 Nhf6 14. Bf3 Rb8 15. Nc4 Nb6 16. Na3 Na8 17. Nc4 Nb6 18. Na3 Na8 19. Re1 Nc7 20. Nc4 b5 21. axb5 Nxb5 22. Nxb5 axb5 23. Na5 Bb7 24. e5 dxe5 25. fxe5 Nd7 26. e6 Ne5 27. Nxb7 Rxb7 28. d6 Rb8 29. Rxe5 Bxe5 30. exf7+ Kxf7 31. Qd5+ Kg7 32. Ra7+ Kh8 33. Qf7 Qh4 34. g3 Qh3 35. Be3 Rf8 36. Qd5 Qf5 37. Kg2 Bxd6 38. Bh6 Qxf3+ 39. Qxf3 Rxf3 40. Bg7+ Kg8 41. Kxf3 Re8 42. Rd7 Re6 43. b3 Be7 44. Bh6 Kf7 45. Be3 Re5 46. Rb7 b4 47. Bf4 Re1 48. Bg5 Ke8 49. Bxe7 Rxe7 50. Rb5 Re5 51. Kf4 Rh5 52. g4 Rxh2 53. Rxc5 Rb2 54. Rc7 h5 55. Rb7 Rxb3 56. gxh5 gxh5 57. Kg5 Kd8 58. Kxh5 Kc8 59. Re7 Rc3 60. Kg4 b3 61. Re4 Kd7 62. Kf4 Kd6 63. Re8 Kd5 64. Rd8+ Kc4 65. Ke4 b2 66. Rb8 Rb3 0-1

[Event "Oberliga Ost-A 1213"]
[Site "Germany"]
[Date "2012.11.10"]
[Round "2.3"]
[White "Espig, Lutz"]
[Black "Jaeger, Dominik"]
[Result "1-0"]
[WhiteElo "2329"]
[BlackElo "2164"]
[PlyCount "89"]
[EventDate "2012.10.14"]
[EventType "team-tourn"]
[EventRounds "11"]
[EventCountry "GER"]
[SourceTitle "EXT 2014"]
[Source "ChessBase"]
[SourceDate "2013.11.20"]
[SourceVersion "1"]
[SourceVersionDate "2013.11.20"]
[SourceQuality "1"]
[WhiteTeam "Plauen Koenig"]
[BlackTeam "Magdeburg Rochade"]
[WhiteTeamCountry "GER"]
[BlackTeamCountry "GER"]

1. Nf3 d5 2. g3 Nf6 3. Bg2 Bf5 4. b3 e6 5. Bb2 h6 6. d3 Be7 7. Nbd2 0-0 8. 0-0 c5 9. c4 Nc6 10. cxd5 exd5 11. Rc1 Re8 12. d4 cxd4 13. Nxd4 Nxd4 14. Bxd4 Ba3 15. Ra1 Rc8 16. Nb1 Bb4 17. a3 Bc2 18. Qc1 Bd3 19. Qf4 Nh5 20. Qh4 Qxh4 21. gxh4 Bxe2 22. axb4 Bxf1 23. Bxf1 Re4 24. Bc3 Rg4+ 25. Kh1 Rf4 26. Kg2 Rc6 27. Bd3 Rxh4 28. b5 Rd6 29. Be5 Re6 30. Rxa7 f6 31. Bg3 Nxg3 32. hxg3 Rb4 33. Bg6 Kf8 34. Nc3 Rd6 35. Rxb7 Rxb3 36. Na4 f5 37. Nc5 Rc3 38. Nd7+ Ke7 39. Bxf5 d4 40. Nc5+ Kf6 41. Ne4+ Kxf5 42. Nxd6+ Ke5 43. Nf7+ Ke6 44. Nd8+ Kd6 45. Rxg7 1-0

[Event "Oberliga Ost-A 1112"]
[Site "Germany"]
[Date "2012.01.15"]
[Round "7.3"]
[White "Jaeger, Dominik"]
[Black "Braun, Gottfried"]
[Result "0-1"]
[WhiteElo "2157"]
[BlackElo "2239"]
[PlyCount "96"]
[EventDate "2011.09.25"]
[EventType "team-tourn"]
[EventRounds "11"]
[EventCountry "GER"]
[SourceTitle "EXT 2013"]
[Source "ChessBase"]
[SourceDate "2012.11.22"]
[SourceVersion "1"]
[SourceVersionDate "2012.11.22"]
[SourceQuality "1"]
[WhiteTeam "Magdeburg Rochade"]
[BlackTeam "Leipzig SG II"]
[WhiteTeamCountry "GER"]
[BlackTeamCountry "GER"]

1. e4 d6 2. d4 Nf6 3. Nc3 e5 4. Nge2 exd4 5. Nxd4 Be7 6. g3 0-0 7. Bg2 c6 8. 0-0 Na6 9. h3 Nc7 10. Bf4 Ne6 11. Be3 Nxd4 12. Qxd4 Be6 13. Rad1 Qa5 14. f4 Rfd8 15. Qd2 Qc7 16. Qf2 b5 17. Rfe1 b4 18. Ne2 Re8 19. g4 h6 20. g5 hxg5 21. fxg5 Nd7 22. Nd4 Bf8 23. g6 Ne5 24. gxf7+ Bxf7 25. b3 a5 26. Qg3 Bg6 27. Bf4 Bh7 28. Bf1 Rad8 29. Bxe5 Rxe5 30. Bc4+ d5 31. Nxc6 Qxc6 32. Qxe5 Qb6+ 33. Kh1 dxc4 34. Rxd8 Qxd8 35. Qd5+ Qxd5 36. exd5 c3 37. Re2 Kf7 38. Kg2 Bd6 39. Re6 Be7 40. Re2 Bf5 41. Kg3 Bd6+ 42. Kg2 g5 43. Rf2 Kf6 44. Re2 Bf4 45. Rf2 Ke5 46. d6 Kxd6 47. h4 Ke5 48. Re2+ Be4+ 0-1

[Event "Oberliga Ost-A 1112"]
[Site "Germany"]
[Date "2012.01.14"]
[Round "6.3"]
[White "Hentze, Markus"]
[Black "Jaeger, Dominik"]
[Result "0-1"]
[WhiteElo "2051"]
[BlackElo "2157"]
[PlyCount "98"]
[EventDate "2011.09.25"]
[EventType "team-tourn"]
[EventRounds "11"]
[EventCountry "GER"]
[SourceTitle "EXT 2013"]
[Source "ChessBase"]
[SourceDate "2012.11.22"]
[SourceVersion "1"]
[SourceVersionDate "2012.11.22"]
[SourceQuality "1"]
[WhiteTeam "Leipzig SG III"]
[BlackTeam "Magdeburg Rochade"]
[WhiteTeamCountry "GER"]
[BlackTeamCountry "GER"]

1. e4 c5 2. Nf3 d6 3. d4 cxd4 4. Nxd4 Nf6 5. Nc3 g6 6. Be2 Bg7 7. Be3 Nc6 8. h4 d5 9. Nxc6 bxc6 10. Bd4 0-0 11. exd5 cxd5 12. h5 Re8 13. hxg6 hxg6 14. f4 Rb8 15. b3 Qa5 16. Qd2 Rb4 17. Bxf6 exf6 18. Qxd5 Qxd5 19. Nxd5 Rbe4 20. Nc3 Re3 21. Kd2 Rxc3 22. Kxc3 Rxe2 23. Rae1 f5+ 24. Kd3 Ba6+ 25. c4 Rxa2 26. Re2 Ra3 27. Re8+ Bf8 28. Kc3 Ra2 29. b4 Kg7 30. c5 Bb5 31. Rb8 Bc6 32. Rc8 Be4 33. Rc1 Rxg2 34. c6 Rg3+ 35. Kc4 Bd3+ 36. Kd4 Ba6 37. Rxf8 Kxf8 38. Ra1 Rd3+ 39. Kc5 Rc3+ 40. Kd6 Bb5 41. c7 Rc6+ 42. Kd7 Rc4+ 43. Kd6 Rc6+ 44. Kd7 Ra6+ 45. Kd8 Rd6+ 46. Kc8 Bd7+ 47. Kb7 Rb6+ 48. Kxa7 Rxb4 49. Rh1 Rxf4 0-1

[Event "Oberliga Ost-A 1011"]
[Site "Germany"]
[Date "2011.04.09"]
[Round "10.3"]
[White "Schuster, Martin"]
[Black "Jaeger, Dominik"]
[Result "1/2-1/2"]
[WhiteElo "2230"]
[BlackElo "2143"]
[PlyCount "154"]
[EventDate "2010.10.24"]
[EventType "team-tourn"]
[EventRounds "11"]
[EventCountry "GER"]
[SourceTitle "EXT 2012"]
[Source "ChessBase"]
[SourceDate "2011.11.24"]
[SourceVersion "1"]
[SourceVersionDate "2011.11.24"]
[SourceQuality "1"]
[WhiteTeam "Loeberitz"]
[BlackTeam "Magdeburg Rochade"]
[WhiteTeamCountry "GER"]
[BlackTeamCountry "GER"]

1. d4 Nf6 2. Nf3 e6 3. c4 b6 4. g3 Ba6 5. b3 Bb4+ 6. Bd2 Be7 7. Bg2 0-0 8. 0-0 Bb7 9. Bc3 Ne4 10. Nfd2 Nxc3 11. Nxc3 Bxg2 12. Kxg2 d6 13. Nf3 Nd7 14. Qc2 c5 15. Rad1 a6 16. Rd2 Qc7 17. Rfd1 cxd4 18. Rxd4 Nf6 19. e4 Rac8 20. a4 Rfd8 21. R4d2 Ng4 22. h3 Ne5 23. Nd4 Nc6 24. Nxc6 Qxc6 25. Qd3 Bf6 26. Ne2 b5 27. cxb5 axb5 28. Rc1 Qb7 29. Rxc8 Rxc8 30. axb5 d5 31. exd5 Rc5 32. Qf3 Rxb5 33. Rd3 exd5 34. Nf4 d4 35. Qxb7 Rxb7 36. Nd5 Be5 37. f4 Bd6 38. b4 f5 39. Rxd4 Kf7 40. Ne3 Ke6 41. Nxf5 Kxf5 42. Rxd6 Rxb4 43. Rd5+ Kf6 44. Kf3 Rb6 45. Kg4 g6 46. Kh4 h5 47. Ra5 Rc6 48. g4 hxg4 49. hxg4 Rb6 50. Ra8 Rc6 51. Ra5 Rb6 52. g5+ Kg7 53. Ra7+ Kf8 54. Kg4 Rb3 55. Rh7 Kg8 56. Rh3 Rb4 57. Re3 Kf7 58. Kf3 Ra4 59. Rc3 Rb4 60. Rc7+ Kf8 61. Rd7 Ra4 62. Ke3 Rb4 63. Rd4 Rb1 64. Ke4 Re1+ 65. Kd5 Kf7 66. Ra4 Rd1+ 67. Ke4 Re1+ 68. Kf3 Rf1+ 69. Ke2 Rb1 70. Ra7+ Kf8 71. Ra6 Kf7 72. Rf6+ Kg7 73. Ke3 Rb4 74. Rd6 Kf7 75. Rd7+ Kf8 76. Rd4 Rb1 77. f5 Re1+ 1/2-1/2

[Event "Leipzig VfB op 18th"]
[Site "Leipzig"]
[Date "2011.03.26"]
[Round "7"]
[White "Jaeger, Dominik"]
[Black "Ziese, Gerhard"]
[Result "1/2-1/2"]
[WhiteElo "2143"]
[BlackElo "2052"]
[PlyCount "23"]
[EventDate "2011.03.20"]
[EventType "swiss"]
[EventRounds "9"]
[EventCountry "GER"]
[SourceTitle "CBM 141 Extra"]
[Source "ChessBase"]
[SourceDate "2011.05.03"]
[SourceVersion "1"]
[SourceVersionDate "2011.05.03"]
[SourceQuality "1"]

1. d4 Nf6 2. c4 c5 3. d5 b5 4. Nd2 bxc4 5. e4 d6 6. Bxc4 g6 7. Ngf3 Bg7 8. 0-0 Bh6 9. Rb1 a5 10. Qc2 Nbd7 11. Rd1 Nb6 12. Bf1 1/2-1/2

[Event "Leipzig VfB op 18th"]
[Site "Leipzig"]
[Date "2011.03.23"]
[Round "3"]
[White "Jaeger, Dominik"]
[Black "Mertens, Fridolin"]
[Result "1/2-1/2"]
[WhiteElo "2143"]
[BlackElo "1955"]
[PlyCount "47"]
[EventDate "2011.03.20"]
[EventType "swiss"]
[EventRounds "9"]
[EventCountry "GER"]
[SourceTitle "CBM 141 Extra"]
[Source "ChessBase"]
[SourceDate "2011.05.03"]
[SourceVersion "1"]
[SourceVersionDate "2011.05.03"]
[SourceQuality "1"]

1. d4 d5 2. c4 e6 3. Nc3 Nf6 4. Bg5 Bb4 5. Rc1 h6 6. Bh4 g5 7. Bg3 Ne4 8. e3 Nd7 9. Bd3 Nxg3 10. hxg3 c6 11. Nf3 Qf6 12. a3 Be7 13. e4 dxc4 14. e5 Qg7 15. Bxc4 c5 16. Nb5 0-0 17. Nc7 Rb8 18. Bxe6 Nxe5 19. Nxe5 fxe6 20. Qb3 Qf6 21. Rc2 Kg7 22. Na6 Ra8 23. Nc7 Rb8 24. Na6 1/2-1/2

[Event "Oberliga Ost-A 1011"]
[Site "Germany"]
[Date "2010.10.24"]
[Round "1.2"]
[White "Jahnel, Guenther"]
[Black "Jaeger, Dominik"]
[Result "1-0"]
[WhiteElo "2320"]
[BlackElo "2143"]
[PlyCount "71"]
[EventDate "2010.10.24"]
[EventType "team-tourn"]
[EventRounds "11"]
[EventCountry "GER"]
[SourceTitle "EXT 2012"]
[Source "ChessBase"]
[SourceDate "2011.11.24"]
[SourceVersion "1"]
[SourceVersionDate "2011.11.24"]
[SourceQuality "1"]
[WhiteTeam "Hoyerswerda"]
[BlackTeam "Magdeburg Rochade"]
[WhiteTeamCountry "GER"]
[BlackTeamCountry "GER"]

1. d4 Nf6 2. c4 e6 3. Nc3 Bb4 4. Nf3 0-0 5. Bg5 d5 6. e3 c5 7. cxd5 exd5 8. Rc1 Nbd7 9. Bd3 Bxc3+ 10. bxc3 Qa5 11. Bb1 Ne4 12. 0-0 Re8 13. Bh4 b6 14. Ng5 Nxg5 15. Bxg5 Nf8 16. h4 Ba6 17. Re1 Bc4 18. h5 Bxa2 19. Bc2 Qb5 20. Ba4 Qc4 21. Bxe8 Rxe8 22. h6 g6 23. Qf3 f5 24. g4 Ne6 25. Bf4 Rf8 26. Qg3 Qd3 27. Bd6 Rf7 28. Qe5 Qe4 29. Qxe4 fxe4 30. Ra1 Bb3 31. dxc5 bxc5 32. Reb1 c4 33. Ra5 Ng5 34. Rxd5 Nh3+ 35. Kg2 Nxf2 36. Bc5 1-0

[Event "Oberliga Ost-A 0910"]
[Site "Germany"]
[Date "2010.03.21"]
[Round "9.2"]
[White "Jaeger, Dominik"]
[Black "Zeuner, Michael"]
[Result "1-0"]
[WhiteElo "2142"]
[BlackElo "2187"]
[PlyCount "113"]
[EventDate "2009.10.18"]
[EventType "team-tourn"]
[EventRounds "11"]
[EventCountry "GER"]
[SourceTitle "EXT 2011"]
[Source "ChessBase"]
[SourceDate "2010.11.26"]
[SourceVersion "1"]
[SourceVersionDate "2010.11.26"]
[SourceQuality "1"]
[WhiteTeam "Magdeburg Rochade"]
[BlackTeam "Magdeburg Aufbau Elbe"]
[WhiteTeamCountry "GER"]
[BlackTeamCountry "GER"]

1. d4 c5 2. d5 e5 3. e4 d6 4. Nc3 Be7 5. h3 Bg5 6. Bxg5 Qxg5 7. Nf3 Qe7 8. Be2 a6 9. a4 b6 10. 0-0 Nd7 11. Nd2 Ngf6 12. Nc4 Rb8 13. Rb1 0-0 14. Qd2 Rd8 15. Qe3 a5 16. Qg3 Nf8 17. Ne3 Ng6 18. Bg4 Nf4 19. Rfe1 Ba6 20. Nf5 Qf8 21. Qe3 g6 22. Ng3 h5 23. Bf3 h4 24. Nge2 Bxe2 25. Nxe2 Nxe2+ 26. Bxe2 Kg7 27. f4 Qe7 28. f5 Nh7 29. Rf1 Qf6 30. fxg6 Qxg6 31. Rf5 f6 32. Rh5 Rg8 33. Rxh4 Kh8 34. Bg4 Qg5 35. Qxg5 fxg5 36. Rh6 Rbd8 37. Bf5 Rg7 38. Rf1 Re7 39. Rxh7+ Rxh7 40. Bxh7 Kxh7 41. Rf7+ Kg6 42. Rb7 Rf8 43. Rxb6 g4 44. Rxd6+ Kg5 45. hxg4 Rb8 46. Rc6 Rxb2 47. Rxc5 Kf4 48. d6 Rb7 49. Rd5 Rd7 50. c4 Kxe4 51. g5 Ke3 52. Rxe5+ Kd4 53. Rxa5 Ke4 54. Rd5 Kf4 55. g6 Kg3 56. g7 Rxg7 57. Rd3+ 1-0

[Event "Oberliga Ost-A 0809"]
[Site "Germany"]
[Date "2009.03.15"]
[Round "9.2"]
[White "Lubbe, Melanie"]
[Black "Jaeger, Dominik"]
[Result "1-0"]
[WhiteElo "2237"]
[BlackElo "2140"]
[PlyCount "65"]
[EventDate "2008.10.12"]
[EventType "team-tourn"]
[EventRounds "11"]
[EventCountry "GER"]
[SourceTitle "EXT 2010"]
[Source "ChessBase"]
[SourceDate "2010.11.25"]
[SourceVersion "1"]
[SourceVersionDate "2010.11.25"]
[SourceQuality "1"]
[WhiteTeam "Leipzig Gohlis"]
[BlackTeam "Magdeburg Rochade"]
[WhiteTeamCountry "GER"]
[BlackTeamCountry "GER"]

1. e4 e6 2. d4 d5 3. Nc3 Bb4 4. exd5 exd5 5. Bd3 Nf6 6. Nge2 h6 7. 0-0 0-0 8. Ng3 Re8 9. Nf5 Ne4 10. Qg4 Bxf5 11. Qxf5 Bxc3 12. bxc3 Qd7 13. Qxd7 Nxd7 14. c4 dxc4 15. Bxc4 Nb6 16. Bd3 Nc3 17. Be3 Nbd5 18. Bc4 Nb6 19. Bb3 Re4 20. Rfe1 Rae8 21. Kf1 Nb5 22. c4 Na3 23. Rac1 c5 24. Bd2 Rxe1+ 25. Bxe1 cxd4 26. c5 Rc8 27. Bb4 Nb5 28. a4 Nd6 29. Rd1 a5 30. Bxa5 Nbc4 31. Bb4 Nb2 32. Rxd4 Nf5 33. Rd2 1-0

[Event "Oberliga Ost-A 0809"]
[Site "Germany"]
[Date "2009.01.31"]
[Round "6.5"]
[White "Duchrow, Oliver"]
[Black "Jaeger, Dominik"]
[Result "1-0"]
[WhiteElo "2158"]
[BlackElo "2140"]
[PlyCount "93"]
[EventDate "2008.10.12"]
[EventType "team-tourn"]
[EventRounds "11"]
[EventCountry "GER"]
[SourceTitle "EXT 2010"]
[Source "ChessBase"]
[SourceDate "2010.11.25"]
[SourceVersion "1"]
[SourceVersionDate "2010.11.25"]
[SourceQuality "1"]
[WhiteTeam "Sangerhausen"]
[BlackTeam "Magdeburg Rochade"]
[WhiteTeamCountry "GER"]
[BlackTeamCountry "GER"]

1. e4 e6 2. d4 d5 3. Nc3 Bb4 4. e5 c5 5. a3 Ba5 6. Bd2 Nc6 7. Nb5 Nxd4 8. Nxd4 cxd4 9. Bb5+ Bd7 10. Bxd7+ Kxd7 11. Nf3 Bb6 12. 0-0 Rc8 13. Bb4 Ne7 14. Nxd4 Bxd4 15. Qxd4 Qb6 16. Qxb6 axb6 17. Bxe7 Kxe7 18. c3 Rhd8 19. Rfd1 Rc4 20. f3 f6 21. exf6+ gxf6 22. Rd2 e5 23. Rad1 Ke6 24. g3 h5 25. Kf2 f5 26. Rd3 h4 27. b3 Rc7 28. c4 d4 29. f4 hxg3+ 30. hxg3 Rg7 31. fxe5 Rg4 32. Rh1 Kxe5 33. Rh7 Ke4 34. Ke2 f4 35. Re7+ Kf5 36. Rf7+ Ke6 37. Rxf4 Rxf4 38. gxf4 Kf5 39. Rh3 Ke4 40. Rh7 d3+ 41. Kd2 Rg8 42. Re7+ Kxf4 43. Kxd3 Rg3+ 44. Kc2 Kf5 45. a4 Kf4 46. Kb2 Rg6 47. Kc3 1-0